000 01056nam a22003257a 4500
003 CHAP
005 20220329140400.0
008 971013s1985 r 00010 d
010 _a51187
011 _a52159
035 _a56309
040 _cCHAP
082 _a574.5
_bW35
100 0 0 _aWalter, Heinrich.
_9120972
245 _aEcological systems of the geobiosphere
260 _aBerlin :
_bSpringer-Verlag,
_c1985
300 _a3 v.
_b: ilus. ; gráfs.
500 _aLa biblioteca tiene: v.1 Ecological principles in global perspective
590 _aBATCH-UPD
_b10
_c20130110
_lUCH01
_h0420
590 _aBATCH-UPD
_b10
_c20130110
_lUCH01
_h2312
590 _aBATCH-UPD
_b10
_c20130410
_lUCH01
_h0055
590 _aBATCH-UPD
_b10
_c20130914
_lUCH01
_h0636
590 _aCONVERSION
_b10
_c20130109
_lUCH01
_h1328
650 1 4 _aBiósfera.
_912844
650 1 4 _aEcología.
_935134
700 0 _aBreckle, Siegmal W.
_915189
901 _aBK
942 _cLIBRO
949 _a574.5 W35
_bBC
_cLIBRO
_d33724000402632
_eLIBRO
_fv.1
_gI.125885
_h65654
_i56309
_si
_t10.82
999 _c51187
_d51187